| 000 | 00611pam a2200229 a 4500 | ||
|---|---|---|---|
| 001 | 1842231 | ||
| 005 | 20180105051241.0 | ||
| 008 | 810422s1981 nyua b 001 0 eng | ||
| 010 | _a 81006149 | ||
| 020 | _a0443080828 | ||
| 040 |
_aDLC _cDLC _dDLC |
||
| 041 | _aeng | ||
| 060 | _aWO 200 A573 | ||
| 080 | _a617.96 MIL | ||
| 082 | 0 | 0 |
_a617.96 MIL _219 |
| 100 | _a6 | ||
| 101 | _aANE | ||
| 245 | 0 | 0 |
_aAnesthesia / _cedited by Ronald D. Miller, with 31 contributors. |
| 504 | _aIncludes bibliographical references and index. | ||
| 906 |
_a7 _bcbc _corignew _d1 _eocip _f19 _gy-gencatlg |
||
| 942 |
_2ddc _cBK |
||
| 999 |
_c39799 _d39799 |
||